| 000 | 00734nam a22002057a 4500 | ||
|---|---|---|---|
| 005 | 20251108165148.0 | ||
| 008 | 250721s1996 xx 000 0 ara d | ||
| 082 | 1 | 4 | _a364.36/محم |
| 100 | 1 | _aأبو عرور، محمد سعيد سهو | |
| 245 | 1 | 0 | _aجناح الأحداث ورعايتهم في دولة الخلافة نظرة إسلامية إلى جناح الأحداث و رعايتهم / |
| 264 | 1 |
_aبيروت : _bدار البيارق للطباعة والنشر والتوزيع، _c1996. |
|
| 300 | _a175ص | ||
| 650 | 1 | 7 | _aالجريمة |
| 650 | 1 | 7 | _aالمجرمون |
| 650 | 1 | 7 | _aالإنحراف |
| 650 | 1 | 7 | _aإنحراف الأحداث |
| 650 | 1 | 7 | _aالإسلام |
| 942 |
_2ddc _cBK |
||
| 999 |
_c21003 _d21003 |
||